000 01059nam a22003017a 4500
003 CHAP
005 20220329135639.0
008 971013s1970 r 00010 d
010 _a39862
011 _a40834
035 _a44960
040 _cCHAP
082 _a631.3
_bE8
110 _aE.U.A. Department of Health, Education and Welfare
_934907
245 _aAgricultural equipment technology ; a suggested 2-year post high school curriculum
260 _aWashington :
_bGovernment Printing Office,
_c1970
300 _a112 p.
_b: ilus.
590 _aBATCH-UPD
_b10
_c20130110
_lUCH01
_h2112
590 _aBATCH-UPD
_b10
_c20130410
_lUCH01
_h1422
590 _aBATCH-UPD
_b10
_c20130914
_lUCH01
_h1758
590 _aCONVERSION
_b10
_c20130109
_lUCH01
_h1322
650 1 4 _aMaquinaria agrícola.
_971151
650 1 4 _aMaquinaria agrícola
_xEstudio y enseñanza.
_971171
901 _aBK
942 _cLIBRO
949 _a631.3 E8
_bBC
_cLIBRO
_d33724000057337
_eLIBRO
_fc.2
_h17918
_i44960
_si
949 _a631.3 E8
_bBC
_cLIBRO
_d33724000057345
_eLIBRO
_h43355
_i44960
_si
999 _c39862
_d39862